000 01833cam a22004574i 4500
003 PE-LiUPU
005 20250731172824.0
008 150617s r 000 0 d
035 _a(Sirsi) a15033
040 _aPE-LiUPU
_bspa
_cPE-LiUPU
_erda
049 _aPRUA
082 0 4 _a260
_bK96
_221
100 1 _aKüng, Hans,
_d1928- ,
_eautor.
_93781
245 1 3 _aLa iglesia /
_cHans Küng.
264 1 _aBarcelona :
_bEditorial Herder,
_c1969.
300 _a619 páginas ;
_c22 cm
336 _atext
_2rdacontent
337 _aunmediated
_2rdamedia
338 _avolume
_2rdacarrier
490 0 _aBiblioteca Herder: sección de teología y fisiología ;
_v113
505 0 _aHistoricidad del concepto de Iglesia. -la refracción de la imagen de la iglesia. -La predicación de Jesús. -¿Fundación de una Iglesia?. -La comunidad escatológica de salud. -La iglesia, pueblo de Dios. -La Iglesia, creación espiritual. -La Iglesia, cuerpo de Cristo. -Una sola Iglesia. -Iglesia católica. -Iglesia santa. -Iglesia apostólica. -El sacerdocio general. -el ministerio eclesiástico, como servicio.
526 _aSEG42
526 _aSEG41
526 _aSEG40
526 _aSEG39
526 _aP94
526 _aP87
526 _aP86
526 _aP85
526 _aP77
526 _aP76
526 _aP35
650 0 4 _aIGLESIA CRISTIANA.
910 _ajck
_bjvq
_cjck
_d20150616
942 _2ddc
_cBOOK
949 _a260 K96
_wDEWEY
_c1
_i09160
_lCCODEBUL1
_mBUL
_p00.00
_r0
_sY
_tBOOK
_u2015-04-21
_xTEOLOGIA
_PP35
_0COMPRA
_o.STAFF. Colección General
994 _aC0
_bPEPRU
596 _a1
999 _a260 K96
_wDEWEY
_c5577
_i09160
_d5577
_e2019-5-19
_f2021-11-12
_g5
_lCCODEBUL1
_mBUL
_n4
_q2
_r0
_sY
_tBOOK
_u2015-4-21
_xTEOLOGIA
_PP35
_0COMPRA
_o.STAFF. Colección General
980 _81
_gALBERTO SANCHEZ Responsable de Automatización